[Event "Aeroflot Open A 2018"]
[Site "Moscow RUS"]
[Date "2018.02.20"]
[Round "1.25"]
[White "Hakobyan, Aram"]
[Black "Aravindh, Chithambaram VR."]
[Result "1/2-1/2"]
[WhiteTitle "IM"]
[BlackTitle "GM"]
[WhiteElo "2497"]
[BlackElo "2617"]
[WhiteFideId "13306677"]
[BlackFideId "5072786"]
[EventDate "2018.02.20"]

1. d4 Nf6 2. c4 e6 3. Nf3 d5 4. Nc3 Bb4 5. Bg5 h6 6. Bxf6 Qxf6 7. e3 O-O 8. Rc1
Nd7 9. Qb3 Bxc3+ 10. Qxc3 c6 11. b4 Re8 12. cxd5 exd5 13. b5 Nb6 14. bxc6 bxc6
15. Be2 Bg4 16. O-O Rac8 17. h3 Bh5 18. Qd2 Nc4 19. Qd1 Nb2 20. Qc2 Nc4 21. Qd1
Nb2 22. Qc2 Nc4 1/2-1/2

[Event "Aeroflot Open A 2018"]
[Site "Moscow RUS"]
[Date "2018.02.20"]
[Round "1.26"]
[White "Jumabayev, Rinat"]
[Black "Gagare, Shardul"]
[Result "1/2-1/2"]
[WhiteTitle "GM"]
[BlackTitle "GM"]
[WhiteElo "2614"]
[BlackElo "2494"]
[WhiteFideId "13702661"]
[BlackFideId "5037883"]
[EventDate "2018.02.20"]

1. d4 Nf6 2. c4 e6 3. Nc3 Bb4 4. Qc2 c5 5. dxc5 O-O 6. a3 Bxc5 7. Nf3 b6 8. Bf4
Bb7 9. Rd1 Nc6 10. e3 Nh5 11. Bd6 Bxd6 12. Rxd6 Qe7 13. Qd2 Nf6 14. Be2 Rfd8 15.
b4 e5 16. c5 bxc5 17. bxc5 Ne8 18. Rd5 Nf6 19. Rd6 Ne8 20. Rd5 Nf6 21. Rd6 Ne8 1/2-1/2

[Event "Aeroflot Open A 2018"]
[Site "Moscow RUS"]
[Date "2018.02.20"]
[Round "1.27"]
[White "Goryachkina, Aleksandra"]
[Black "Khalifman, Alexander"]
[Result "0-1"]
[WhiteTitle "WGM"]
[BlackTitle "GM"]
[WhiteElo "2493"]
[BlackElo "2614"]
[WhiteFideId "4147103"]
[BlackFideId "4100115"]
[EventDate "2018.02.20"]

1. d4 d5 2. c4 c6 3. cxd5 cxd5 4. Bf4 Nc6 5. e3 Nf6 6. Nc3 Bf5 7. Qb3 Na5 8.
Qa4+ Bd7 9. Qc2 e6 10. Bd3 Nh5 11. Be5 Nc6 12. a3 Qg5 13. Bg3 Nxg3 14. hxg3 Bd6
15. Nf3 Qe7 16. e4 dxe4 17. Nxe4 Bc7 18. O-O Bb6 19. Rad1 Nxd4 20. Nxd4 Bxd4 21.
Ba6 e5 22. Bxb7 Rb8 23. Qc7 O-O 24. Bc6 Rfd8 25. Bxd7 Rxb2 26. Qc1 Qxd7 27. Rd2
Rxd2 28. Qxd2 h6 29. Qe2 Bb6 30. Qh5 f5 31. Nc3 Qd3 32. Nd1 f4 33. gxf4 exf4 34.
a4 Kh7 35. a5 Rd5 36. Qg4 Rxa5 37. Qxf4 Ra1 38. Qg4 Bd4 39. Ne3 Rxf1+ 40. Nxf1
a5 41. Ng3 Be5 42. Nf1 g6 43. Qa4 Qc3 44. g4 Qa1 45. Qd7+ Bg7 46. g5 h5 47. Kg2
Qd4 48. Qe7 Qd5+ 49. Kh3 Qe5 50. Qd8 a4 51. Ng3 a3 52. f4 Qxf4 0-1

[Event "Aeroflot Open A 2018"]
[Site "Moscow RUS"]
[Date "2018.02.20"]
[Round "1.28"]
[White "Indjic, Aleksandar"]
[Black "Golubov, Saveliy"]
[Result "0-1"]
[WhiteTitle "GM"]
[BlackTitle "IM"]
[WhiteElo "2612"]
[BlackElo "2492"]
[WhiteFideId "911925"]
[BlackFideId "24176729"]
[EventDate "2018.02.20"]

1. d4 d5 2. c4 c6 3. Nc3 Nf6 4. e3 a6 5. Qc2 b5 6. b3 g6 7. Bd3 Bg7 8. Nf3 Nbd7
9. Bb2 O-O 10. O-O bxc4 11. bxc4 dxc4 12. Bxc4 c5 13. d5 Nb6 14. Be2 Bf5 15. Qc1
Nbxd5 16. Rd1 Nxc3 17. Bxc3 Qb6 18. Nd2 Rfd8 19. Nc4 Qe6 20. f3 Rxd1+ 21. Qxd1
Nd5 22. Bxg7 Nxe3 23. Qc1 Nc2 24. Be5 Nxa1 25. Qxa1 Rd8 26. Qf1 Qd5 27. Kf2 Bd3
28. Bxd3 Qxd3 29. Qxd3 Rxd3 30. Ke2 Rd8 31. Nb6 f6 32. Bc3 Kf7 33. Na4 Rd5 34.
Nb6 Rd6 35. Na4 c4 36. Bb4 Rd5 37. Nb2 Ke6 38. a3 Re5+ 39. Kd2 Kd5 40. Nd1 Kc6
41. a4 Rd5+ 42. Kc2 Re5 43. Kd2 Rd5+ 44. Ke2 Rd7 45. Ne3 h5 46. h4 e5 47. g3 Rb7
48. Ba3 Rb3 49. Be7 Rb2+ 50. Ke1 f5 51. Bf6 Rb4 52. Bxe5 Rxa4 53. Nc2 Ra5 54.
Bc3 Rc5 55. Kd2 a5 56. Ne3 a4 57. Bb4 Rb5 58. Nc2 Re5 59. Nd4+ Kd7 60. Ba3 Re8
61. Bb4 Re5 62. Ba3 c3+ 63. Kxc3 Re3+ 64. Kb2 Rd3 65. Bc5 Rd2+ 66. Ka3 Rg2 67.
Kxa4 Rxg3 68. Kb5 g5 69. hxg5 Rxg5 70. Ba7 Rg8 71. Ne2 h4 72. Ng1 Rg3 73. Bf2
Rg2 74. Bd4 Rh2 75. Kc4 Ke6 76. Kd3 h3 77. Ke3 Rh1 78. Nxh3 Rxh3 79. Bb6 Rh4 80.
Bc7 Rc4 81. Bf4 Kf6 82. Bd6 Kg5 83. Be7+ Kh5 84. Kf2 f4 85. Kf1 Rc2 86. Bd8 Kg6
87. Bb6 Kf5 88. Bd4 Ke6 89. Ba7 Rb2 90. Bd4 Rb1+ 91. Ke2 Kd5 92. Ba7 Kc4 93. Kd2
Rb7 94. Bg1 Rb2+ 95. Kc1 Rg2 96. Bb6 Kd3 0-1

[Event "Aeroflot Open A 2018"]
[Site "Moscow RUS"]
[Date "2018.02.20"]
[Round "1.29"]
[White "Xu, Yi"]
[Black "Alekseenko, Kirill"]
[Result "1-0"]
[WhiteTitle "IM"]
[BlackTitle "GM"]
[WhiteElo "2490"]
[BlackElo "2609"]
[WhiteFideId "8605564"]
[BlackFideId "4135539"]
[EventDate "2018.02.20"]

1. e4 c5 2. Nf3 e6 3. d4 cxd4 4. Nxd4 Nc6 5. Nc3 d6 6. Be2 Nf6 7. O-O Be7 8. Be3
O-O 9. f4 a6 10. Qe1 Nxd4 11. Bxd4 b5 12. a3 Bb7 13. Qg3 Bc6 14. Rae1 Qb8 15.
Bd3 g6 16. f5 e5 17. Be3 b4 18. axb4 Qxb4 19. Bh6 Rfe8 20. fxg6 fxg6 21. b3 Qd4+
22. Kh1 Kh8 23. Bc4 a5 24. Rd1 Nxe4 25. Nxe4 Qxe4 26. Rf7 Bf8 27. Bg5 Bg7 28.
Re1 Qxc2 29. Rf2 Qxf2 30. Qxf2 d5 31. Be2 d4 32. Qh4 e4 33. Bc4 e3 34. Bf6 Re4
35. Bxg7+ Kxg7 36. Qg3 Ra7 37. Qd6 Ba8 38. Rf1 Rae7 39. Qf6+ Kh6 40. Qf8+ 1-0

[Event "Aeroflot Open A 2018"]
[Site "Moscow RUS"]
[Date "2018.02.20"]
[Round "1.30"]
[White "Wen, Yang"]
[Black "Gholami, Aryan"]
[Result "1-0"]
[WhiteTitle "GM"]
[BlackTitle "IM"]
[WhiteElo "2608"]
[BlackElo "2489"]
[WhiteFideId "8602956"]
[BlackFideId "12513342"]
[EventDate "2018.02.20"]

1. e4 c5 2. Nf3 g6 3. d4 cxd4 4. Nxd4 Bg7 5. c4 Nc6 6. Be3 Nh6 7. Nc3 O-O 8. Be2
f5 9. exf5 Bxd4 10. Bxh6 Rxf5 11. O-O d6 12. Qd2 Qa5 13. Be3 Qe5 14. Bxd4 Qxd4
15. Rad1 Qxd2 16. Rxd2 Be6 17. f4 Raf8 18. g3 Bc8 19. b3 Kg7 20. Bf3 h5 21. Re1
e5 22. Be4 R5f6 23. Bxc6 bxc6 24. Ne4 Re6 25. Ng5 Ref6 26. c5 exf4 27. cxd6 fxg3
28. Re7+ Kg8 29. hxg3 Rf5 30. Ne4 Rf1+ 31. Kg2 Bg4 32. Nf2 Rc1 33. Nxg4 1-0

[Event "Aeroflot Open A 2018"]
[Site "Moscow RUS"]
[Date "2018.02.20"]
[Round "1.31"]
[White "Mikaelyan, Arman"]
[Black "Oparin, Grigoriy"]
[Result "1-0"]
[WhiteTitle "GM"]
[BlackTitle "GM"]
[WhiteElo "2486"]
[BlackElo "2607"]
[WhiteFideId "13304852"]
[BlackFideId "24125890"]
[EventDate "2018.02.20"]

1. d4 Nf6 2. c4 e6 3. Nf3 b6 4. g3 Bb7 5. Bg2 Be7 6. O-O O-O 7. Re1 Na6 8. Nc3
Ne4 9. Bd2 f5 10. Ne5 Bf6 11. Nxe4 fxe4 12. Bc3 d5 13. f4 exf3 14. exf3 dxc4 15.
Qa4 Qd5 16. Qxc4 Bxe5 17. Qxd5 Bxd5 18. Rxe5 Bxf3 19. Bf1 Nb8 20. Bc4 Kh8 21.
Rxe6 Nd7 22. Rf1 Bg4 23. Rxf8+ Rxf8 24. Re7 Rc8 25. d5 Nf6 26. Kf2 h5 27. Ke3 c6
28. d6 Rd8 29. Be5 b5 30. Bb3 c5 31. Be6 Bxe6 32. Rxe6 Nd7 33. Ke4 Nf8 34. Kd5
Nxe6 35. Kxe6 Re8+ 36. Kd5 Rd8 37. Kc6 Rc8+ 38. Kb7 1-0

[Event "Aeroflot Open A 2018"]
[Site "Moscow RUS"]
[Date "2018.02.20"]
[Round "1.32"]
[White "Paravyan, David"]
[Black "Belyakov, Bogdan"]
[Result "1/2-1/2"]
[WhiteTitle "GM"]
[BlackTitle "IM"]
[WhiteElo "2603"]
[BlackElo "2486"]
[WhiteFideId "4194985"]
[BlackFideId "24104795"]
[EventDate "2018.02.20"]

1. d4 Nf6 2. c4 g6 3. Nc3 Bg7 4. e4 d6 5. h3 O-O 6. Be3 c5 7. Nf3 cxd4 8. Nxd4
b6 9. Qd2 Bb7 10. f3 Nc6 11. O-O-O Qb8 12. Kb1 Rc8 13. Nxc6 Bxc6 14. h4 a6 15.
Bh6 Bh8 16. h5 b5 17. hxg6 fxg6 18. g4 Be8 19. Nd5 Qb7 20. e5 dxe5 21. Qb4 Nxd5
22. cxd5 Bf7 23. Qd2 1/2-1/2

[Event "Aeroflot Open A 2018"]
[Site "Moscow RUS"]
[Date "2018.02.20"]
[Round "1.33"]
[White "Bellaiche, Anthony"]
[Black "Bologan, Victor"]
[Result "0-1"]
[WhiteTitle "IM"]
[BlackTitle "GM"]
[WhiteElo "2485"]
[BlackElo "2600"]
[WhiteFideId "615668"]
[BlackFideId "13900048"]
[EventDate "2018.02.20"]

1. d4 Nf6 2. c4 e6 3. Nc3 Bb4 4. Qc2 d6 5. a3 Bxc3+ 6. Qxc3 Nbd7 7. Bg5 h6 8.
Bh4 g5 9. Bg3 Ne4 10. Qc2 f5 11. e3 b6 12. Ne2 Bb7 13. f3 Nxg3 14. hxg3 Qf6 15.
Qa4 a6 16. O-O-O O-O-O 17. Nc3 e5 18. Nd5 Qf7 19. Nb4 Nb8 20. Bd3 f4 21. dxe5
dxe5 22. g4 e4 23. fxe4 fxe3 24. Nd5 Nd7 25. Rhf1 Qe6 26. Qc2 Nc5 27. Rfe1 Kb8
28. Rxe3 Bxd5 29. cxd5 Rxd5 30. exd5 Qxe3+ 31. Kb1 Rd8 32. Qe2 Qg3 33. Bxa6 Nxa6
34. Qxa6 Qxg4 35. Rd2 Qf5+ 36. Ka2 Rxd5 37. g4 Qd7 38. Rf2 Qe6 39. Qc4 Re5 40.
Qxe6 Rxe6 41. b4 b5 42. Rf5 c6 43. Rf7 Kc8 44. Rh7 Re2+ 45. Kb3 Re3+ 46. Kc2 Rh3
47. Kd2 Rxa3 48. Rxh6 Kc7 49. Rh7+ Kb6 50. Kc2 Re3 51. Rg7 Re5 52. Rf7 Rd5 53.
Rg7 c5 54. Rg6+ Kc7 55. bxc5 Rxc5+ 56. Kd3 b4 57. Kd4 Rb5 58. Rf6 b3 59. Rf1 b2
60. Rb1 Kd6 0-1

[Event "Aeroflot Open A 2018"]
[Site "Moscow RUS"]
[Date "2018.02.20"]
[Round "1.34"]
[White "Kobalia, Mikhail"]
[Black "Pavlov, Sergey2"]
[Result "0-1"]
[WhiteTitle "GM"]
[BlackTitle "IM"]
[WhiteElo "2599"]
[BlackElo "2485"]
[WhiteFideId "4119150"]
[BlackFideId "14114330"]
[EventDate "2018.02.20"]

1. e4 c5 2. Nf3 e6 3. g3 Nc6 4. Bg2 Nf6 5. d3 d5 6. Nbd2 Be7 7. O-O O-O 8. Re1
b5 9. a4 b4 10. exd5 exd5 11. Nb3 Bf5 12. h3 h6 13. Bf4 Rc8 14. Ne5 Nxe5 15.
Bxe5 Nd7 16. Bf4 Bf6 17. g4 Bg6 18. Bxd5 Bxb2 19. Ra2 Bc3 20. Bd2 Nb6 21. Bg2 c4
22. dxc4 Bxd2 23. Nxd2 Nxc4 24. Nxc4 Qxd1 25. Rxd1 Rxc4 26. Rb2 a5 27. Rd5 Rxc2
28. Rb3 Rc3 29. Rb2 Rc2 30. Rb3 Rc3 31. Rb2 Rc1+ 32. Kh2 Rc2 33. Rb3 Rxf2 34.
Re3 b3 0-1

[Event "Aeroflot Open A 2018"]
[Site "Moscow RUS"]
[Date "2018.02.20"]
[Round "1.35"]
[White "Sargsyan, Shant"]
[Black "Antipov, Mikhail Al."]
[Result "0-1"]
[WhiteTitle "IM"]
[BlackTitle "GM"]
[WhiteElo "2481"]
[BlackElo "2598"]
[WhiteFideId "13306766"]
[BlackFideId "4107012"]
[EventDate "2018.02.20"]

1. d4 d5 2. c4 c6 3. Nf3 Nf6 4. Nc3 dxc4 5. a4 Bf5 6. Ne5 Nbd7 7. Nxc4 Nb6 8. e3
e6 9. a5 Nxc4 10. Bxc4 Bd6 11. f3 Bg6 12. e4 Bc7 13. b4 Qe7 14. b5 Qb4 15. Qd3
Nd5 16. Bxd5 cxd5 17. Ba3 Qb3 18. O-O Bxa5 19. Rfc1 b6 20. Bd6 Rc8 21. Ra3 dxe4
22. fxe4 Qc4 23. Qe3 Kd7 24. Rxa5 bxa5 25. Bc5 Rhd8 26. Nd5 Qxb5 27. Qf4 Qb8 28.
Qh4 Re8 29. Ne3 Qb2 30. Rd1 Qe2 31. Qg3 Rc7 32. Re1 Qd3 33. Rd1 Qe2 34. Re1 Qb5
35. Rc1 Rd8 36. Nc4 Kc8 37. Nd6+ Rxd6 38. Qxd6 Bxe4 39. Qf8+ Kb7 40. Qxg7 f5 41.
Qg3 Qb2 42. Rf1 a4 43. h3 Qb3 44. Qe1 Rg7 45. Rf2 Qxh3 46. Qf1 Ka8 0-1

[Event "Aeroflot Open A 2018"]
[Site "Moscow RUS"]
[Date "2018.02.20"]
[Round "1.36"]
[White "Gupta, Abhijeet"]
[Black "Pogonina, Natalija"]
[Result "1/2-1/2"]
[WhiteTitle "GM"]
[BlackTitle "WGM"]
[WhiteElo "2598"]
[BlackElo "2478"]
[WhiteFideId "5010608"]
[BlackFideId "4147855"]
[EventDate "2018.02.20"]

1. d4 d5 2. c4 e6 3. Nf3 Nf6 4. g3 Bb4+ 5. Nbd2 O-O 6. Bg2 b6 7. O-O Bb7 8. Ne5
Be7 9. Nd3 Na6 10. cxd5 exd5 11. b3 Nb4 12. Ne5 c5 13. Bb2 a5 14. a3 Nc6 15.
Nxc6 Bxc6 16. Rc1 Bb7 17. dxc5 bxc5 18. Qc2 Qb6 19. Rfd1 Rfd8 20. a4 Rac8 21. e3
h6 22. Bc3 Ba6 23. Rb1 Be2 24. Re1 Bh5 25. Bh3 Bg6 26. Bf5 Bxf5 27. Qxf5 Qa7 28.
Rbc1 Rb8 29. Qc2 Rbc8 30. e4 Nxe4 31. Nxe4 dxe4 32. Qxe4 Bf8 33. Qc4 Rb8 34. Re3
Qb6 35. Be5 Rb7 36. Rce1 Re8 37. Qg4 Re6 38. Bb2 Qxb3 39. Rxe6 fxe6 40. Bc1 Rb4
41. Qg6 Rb6 42. Bd2 Rd6 43. Bxa5 Qxa4 44. Bc7 Ra6 45. Be5 Qd7 46. h4 c4 47. h5
Rc6 48. Bc3 Rd6 49. Qg4 Rc6 50. Rd1 Qc8 51. Rb1 Rc5 52. Qf4 Rf5 53. Rb8 Qd7 54.
Qg4 Qc7 55. Re8 Qd7 56. Rb8 Qa7 57. Rb2 Qa1+ 58. Kg2 Qa8+ 59. Kg1 Qa1+ 60. Kg2
Qa8+ 61. Kg1 Qc8 62. Re2 Qa6 63. Qe4 Rxh5 64. Qxe6+ Qxe6 65. Rxe6 Rf5 66. Kg2
Bc5 67. f4 Rd5 68. Re4 Bf8 1/2-1/2

[Event "Aeroflot Open A 2018"]
[Site "Moscow RUS"]
[Date "2018.02.20"]
[Round "1.37"]
[White "Liu, Yan"]
[Black "Tari, Aryan"]
[Result "1/2-1/2"]
[WhiteTitle "IM"]
[BlackTitle "GM"]
[WhiteElo "2476"]
[BlackElo "2597"]
[WhiteFideId "8608962"]
[BlackFideId "1510045"]
[EventDate "2018.02.20"]

1. Nf3 d5 2. e3 Nf6 3. c4 e6 4. b3 Bd6 5. Bb2 O-O 6. Be2 b6 7. O-O Bb7 8. Ne5 c5
9. f4 Nc6 10. Bf3 Rc8 11. Nxc6 Bxc6 12. Bxf6 Qxf6 13. Nc3 d4 14. Bxc6 dxc3 15.
Be4 cxd2 16. Qxd2 Rfd8 17. Qc2 g6 18. Rad1 Bf8 19. g3 Bg7 20. Kg2 Qb2 21. Qxb2
Bxb2 22. Kf2 Kf8 23. Ke2 Ke7 24. Rxd8 Rxd8 25. Rd1 h5 26. Rxd8 Kxd8 27. h3 Ke7
28. g4 hxg4 29. hxg4 f5 30. gxf5 1/2-1/2

[Event "Aeroflot Open A 2018"]
[Site "Moscow RUS"]
[Date "2018.02.20"]
[Round "1.38"]
[White "Predke, Alexandr"]
[Black "Yakubboev, Nodirbek"]
[Result "0-1"]
[WhiteTitle "GM"]
[BlackTitle "IM"]
[WhiteElo "2595"]
[BlackElo "2462"]
[WhiteFideId "24107581"]
[BlackFideId "14203987"]
[EventDate "2018.02.20"]

1. d4 Nf6 2. c4 e6 3. Nf3 b6 4. g3 Ba6 5. Qc2 Bb4+ 6. Bd2 c5 7. Bxb4 cxb4 8.
Nbd2 Bb7 9. e4 d6 10. e5 dxe5 11. dxe5 Nfd7 12. Ne4 Bxe4 13. Qxe4 Na6 14. Rd1
Nac5 15. Qe3 Qc7 16. Bg2 Rc8 17. O-O O-O 18. Rfe1 Nb8 19. Nd4 Rfd8 20. Nb5 Rxd1
21. Rxd1 Qe7 22. Qd2 a5 23. f4 f6 24. exf6 Qxf6 25. Qd4 Qxd4+ 26. Rxd4 Nbd7 27.
Nd6 Rc7 28. Nb5 Rc8 29. Rd6 Kf8 30. Na7 Rc7 31. Nc6 Kf7 32. Kf2 Na4 33. f5 exf5
34. Bd5+ Ke8 35. Re6+ Kf8 36. Re7 Rxc6 37. Rxd7 Rf6 38. Ke3 Nxb2 39. Kd4 Na4 40.
Ke5 Nc5 41. Ra7 f4 42. gxf4 Nd3+ 43. Ke4 Nxf4 44. c5 Nxd5 45. Kxd5 bxc5 46. Rxa5
Rf5+ 47. Ke6 g6 48. Ra7 Kg8 49. Rc7 Rf2 50. h4 Rxa2 0-1

[Event "Aeroflot Open A 2018"]
[Site "Moscow RUS"]
[Date "2018.02.20"]
[Round "1.39"]
[White "Dragnev, Valentin"]
[Black "Maghsoodloo, Parham"]
[Result "0-1"]
[WhiteTitle "IM"]
[BlackTitle "GM"]
[WhiteElo "2461"]
[BlackElo "2594"]
[WhiteFideId "1634852"]
[BlackFideId "12539929"]
[EventDate "2018.02.20"]

1. d4 Nf6 2. Nf3 g6 3. Nbd2 Bg7 4. e4 d6 5. Bb5+ Nc6 6. O-O O-O 7. Re1 a6 8.
Bxc6 bxc6 9. h3 Nd7 10. Nc4 a5 11. Bd2 a4 12. Qc1 c5 13. c3 Ba6 14. Ne3 Bd3 15.
Ng4 h5 16. Ngh2 cxd4 17. cxd4 c5 18. Bh6 cxd4 19. Bxg7 Kxg7 20. Nxd4 e5 21. Nc6
Qf6 22. Nb4 Nc5 23. f3 Rac8 24. Qd2 Bc4 25. Nf1 Ne6 26. Ne3 Nf4 27. Rac1 Be6 28.
Ned5 Bxd5 29. Nxd5 Nxd5 30. exd5 Rb8 31. Re4 Rb5 32. Rxa4 e4 33. b3 exf3 34. Rf1
Qe5 35. Rxf3 Rxd5 36. Qf4 Rd1+ 37. Rf1 Rxf1+ 38. Qxf1 Rc8 39. Qf4 Rc2 40. a3 Rb2
41. Qxe5+ dxe5 42. Rb4 f5 43. h4 f4 44. a4 Ra2 45. Rb6 e4 46. Rb4 Ra1+ 47. Kf2
e3+ 48. Ke2 Ra2+ 49. Ke1 g5 50. hxg5 Ra1+ 51. Ke2 Ra2+ 52. Kd3 Rd2+ 53. Kc3 Rd1
54. Re4 h4 55. Kc2 Rd2+ 56. Kc3 Rxg2 57. Rxf4 h3 58. Rh4 h2 59. Kd3 e2 60. Kd2
Kg6 61. Rh8 Rg1 62. Kxe2 h1=Q 63. Rxh1 Rxh1 64. Kd3 Kxg5 65. Kc4 Kf6 66. Kd5 Ke7
67. Kc6 Kd8 0-1

[Event "Aeroflot Open A 2018"]
[Site "Moscow RUS"]
[Date "2018.02.20"]
[Round "1.40"]
[White "Petrosian, Tigran L."]
[Black "Gallego Alcaraz, Andres Felipe"]
[Result "1-0"]
[WhiteTitle "GM"]
[BlackTitle "IM"]
[WhiteElo "2589"]
[BlackElo "2461"]
[WhiteFideId "13301616"]
[BlackFideId "4402669"]
[EventDate "2018.02.20"]

1. d4 Nf6 2. Nf3 g6 3. Bf4 d6 4. c3 Bg7 5. e3 O-O 6. h3 b6 7. Be2 Bb7 8. O-O
Nbd7 9. a4 a5 10. Bh2 Re8 11. Na3 e5 12. Nb5 Ne4 13. Re1 c6 14. Na3 Qe7 15. Nc4
Ba6 16. Qc2 Bxc4 17. Bxc4 d5 18. Bf1 Nd6 19. Qb3 Rab8 20. Rac1 h6 21. Qa2 Ra8
22. b4 Qe6 23. Qb3 Rec8 24. Red1 e4 25. Nd2 Bf8 26. bxa5 bxa5 27. c4 Rcb8 28.
Qa2 Rb4 29. Rc2 Nf5 30. cxd5 cxd5 31. Bb5 Ne7 32. Rdc1 Nf6 33. Nb3 Ne8 34. Nc5
Qb6 35. Nd7 Qe6 36. Bc7 Nxc7 37. Rxc7 Rd8 38. Ne5 Qb6 39. Qe2 h5 40. Qa2 Kg7 41.
Nd7 Qd6 42. Nc5 Ra8 43. Rd7 Qf6 44. Rf1 h4 45. Qe2 Qf5 46. Qg4 Qxg4 47. hxg4 Rb2
48. Kh2 Rc8 49. g5 Nf5 50. Rxd5 h3 51. Nxe4 hxg2 52. Rg1 Bb4 53. Rd7 Nh4 54. Kg3
Rh8 55. Bc4 Be7 56. Rxg2 Rb4 57. Bd5 Rxa4 58. Rh2 Nf5+ 59. Kg2 Rd8 60. Nf6 Rh8
61. Rxh8 Kxh8 62. Bxf7 1-0

[Event "Aeroflot Open A 2018"]
[Site "Moscow RUS"]
[Date "2018.02.20"]
[Round "1.41"]
[White "Iniyan, P"]
[Black "Martirosyan, Haik M."]
[Result "1/2-1/2"]
[WhiteTitle "IM"]
[BlackTitle "GM"]
[WhiteElo "2460"]
[BlackElo "2586"]
[WhiteFideId "25002767"]
[BlackFideId "13306553"]
[EventDate "2018.02.20"]

1. d4 Nf6 2. c4 e6 3. Nc3 Bb4 4. e3 b6 5. Bd3 Bb7 6. Nf3 O-O 7. O-O Qe7 8. Na4
Bd6 9. Nd2 c5 10. b3 Nc6 11. dxc5 bxc5 12. Be2 Rac8 13. Ba3 Nb4 14. Bf3 Bxf3 15.
Nxf3 Bb8 16. Bb2 Rfd8 17. a3 Nc6 18. Qd3 Ng4 1/2-1/2

[Event "Aeroflot Open A 2018"]
[Site "Moscow RUS"]
[Date "2018.02.20"]
[Round "1.43"]
[White "Shinkevich, Vitaly"]
[Black "Karthikeyan, Murali"]
[Result "0-1"]
[WhiteTitle "IM"]
[BlackTitle "GM"]
[WhiteElo "2454"]
[BlackElo "2585"]
[WhiteFideId "4122690"]
[BlackFideId "5074452"]
[EventDate "2018.02.20"]

1. d4 Nf6 2. Nf3 g6 3. c4 Bg7 4. g3 O-O 5. Bg2 d6 6. Nc3 Nbd7 7. O-O e5 8. e4 c6
9. h3 Re8 10. Re1 a6 11. Be3 Bf8 12. Qc2 b5 13. c5 exd4 14. Nxd4 dxc5 15. Nxc6
Qc7 16. Bf4 Qb6 17. e5 Bb7 18. exf6 Bxc6 19. Nd5 Bxd5 20. Bxd5 Rad8 21. b3 Qxf6
22. Rad1 Rxe1+ 23. Rxe1 Bd6 24. Be3 Be5 25. Kg2 Nb6 26. Bf3 Bd4 27. Bc1 Nd5 28.
a3 Nc7 29. h4 Ne6 30. Rd1 Re8 31. Qe4 Ng7 32. Qd5 Rd8 33. Qb7 Ne6 34. Bh6 c4 35.
b4 c3 36. Qc6 Qf5 37. Qxa6 c2 38. Rf1 Bg7 39. Be3 Nd4 40. Bb7 Qd3 41. a4 Qc4 42.
axb5 Nf5 43. Bc1 Nxh4+ 44. gxh4 Qg4+ 45. Kh2 Be5+ 46. f4 Rd3 0-1

[Event "Aeroflot Open A 2018"]
[Site "Moscow RUS"]
[Date "2018.02.20"]
[Round "1.44"]
[White "Kulaots, Kaido"]
[Black "Abdumalik, Zhansaya"]
[Result "1-0"]
[WhiteTitle "GM"]
[BlackTitle "IM"]
[WhiteElo "2582"]
[BlackElo "2449"]
[WhiteFideId "4500261"]
[BlackFideId "13703544"]
[EventDate "2018.02.20"]

1. Nf3 Nf6 2. c4 c5 3. Nc3 d5 4. cxd5 Nxd5 5. e4 Nb4 6. Bc4 Nd3+ 7. Ke2 Nf4+ 8.
Kf1 Nd3 9. Qe2 Nxc1 10. Rxc1 e6 11. h4 Nc6 12. e5 a6 13. Bd3 Be7 14. Rh3 Qc7 15.
Rg3 g6 16. Qe3 Bd7 17. a3 b5 18. Rg4 c4 19. Be2 Rc8 20. h5 gxh5 21. Rg7 h6 22.
Qf4 f5 23. d4 cxd3 24. Bxd3 Bf6 25. Nd5 exd5 26. Rxd7 Qxd7 27. exf6 Rd8 28. Bxf5
Qd6 29. Qe3+ Ne7 30. Rc6 Kf7 31. Rxd6 Nxf5 32. Qe6+ 1-0

[Event "Aeroflot Open A 2018"]
[Site "Moscow RUS"]
[Date "2018.02.20"]
[Round "1.46"]
[White "Tabatabaei, M.amin"]
[Black "Karavade, Eesha"]
[Result "0-1"]
[WhiteTitle "IM"]
[BlackTitle "IM"]
[WhiteElo "2577"]
[BlackElo "2386"]
[WhiteFideId "12521213"]
[BlackFideId "5012600"]
[EventDate "2018.02.20"]

1. e4 e5 2. Nf3 Nc6 3. Bc4 Bc5 4. c3 Nf6 5. d3 d6 6. Bb3 a6 7. h3 h6 8. Nbd2 O-O
9. O-O Re8 10. Re1 Be6 11. Bc2 Ba7 12. Nf1 d5 13. Qe2 Qd7 14. Ng3 Rad8 15. d4
exd4 16. e5 Ne4 17. Qd3 Bf5 18. Nxf5 Qxf5 19. g4 Qg6 20. cxd4 Nb4 21. Qb3 Nxc2
22. Qxc2 Ng5 23. Qe2 Nxh3+ 24. Kh2 Qxg4 25. Bxh6 Nf4 26. Bxf4 Qxf4+ 27. Kh1 Re6
28. Rg1 Bxd4 29. Rg5 Bxe5 30. Qd3 Bxb2 31. Rag1 Rh6+ 32. Kg2 c6 33. Qb3 Bf6 34.
Rg3 b5 35. Qa3 Bh4 36. Rh3 Qg4+ 37. Kh2 Qxh3+ 0-1

[Event "Aeroflot Open A 2018"]
[Site "Moscow RUS"]
[Date "2018.02.21"]
[Round "2.1"]
[White "Matlakov, Maxim"]
[Black "Maghsoodloo, Parham"]
[Result "1/2-1/2"]
[WhiteTitle "GM"]
[BlackTitle "GM"]
[WhiteElo "2709"]
[BlackElo "2594"]
[WhiteFideId "4168003"]
[BlackFideId "12539929"]
[EventDate "2018.02.20"]

1. d4 Nf6 2. Nf3 e6 3. c4 b6 4. g3 Ba6 5. Qc2 Bb7 6. Bg2 Bb4+ 7. Bd2 Na6 8. O-O
c5 9. d5 exd5 10. cxd5 Bxd2 11. Qxd2 Bxd5 12. Nc3 Bc6 13. e4 Nc7 14. Nh4 O-O 15.
Rad1 Nfe8 16. e5 Bxg2 17. Kxg2 f6 18. f4 fxe5 19. fxe5 Rxf1 20. Rxf1 Ne6 21. Nf5
Nd4 22. Nxd4 cxd4 23. Qxd4 Nc7 24. Rd1 Qe8 25. Qxd7 Qxe5 26. Rd6 Na6 27. Re6 Nc5
28. Qxa7 Qd5+ 29. Nxd5 Rxa7 30. Rxb6 Rxa2 31. Nc3 Ra8 32. b4 Na4 33. Nxa4 Rxa4
34. Kf3 Ra2 35. h4 h5 36. Rc6 Ra3+ 37. Kf4 Rb3 38. Rc4 Kh7 39. g4 hxg4 40. Kxg4
Kg6 41. Rc6+ Kf7 42. Rb6 g6 43. b5 Rb1 44. Rb8 Kf6 45. b6 Rb4+ 46. Kg3 Kg7 47.
Rb7+ 1/2-1/2

[Event "Aeroflot Open A 2018"]
[Site "Moscow RUS"]
[Date "2018.02.21"]
[Round "2.2"]
[White "Karthikeyan, Murali"]
[Black "Artemiev, Vladislav"]
[Result "0-1"]
[WhiteTitle "GM"]
[BlackTitle "GM"]
[WhiteElo "2585"]
[BlackElo "2697"]
[WhiteFideId "5074452"]
[BlackFideId "24101605"]
[EventDate "2018.02.20"]

1. e4 c6 2. Nc3 d5 3. Nf3 dxe4 4. Nxe4 Nf6 5. Qe2 Bf5 6. Nxf6+ gxf6 7. d4 Qd5 8.
c4 Qe4 9. Qxe4 Bxe4 10. Nh4 Na6 11. f3 Bc2 12. Be3 e5 13. dxe5 fxe5 14. Rc1 Bg6
15. a3 Bc5 16. Bxc5 Nxc5 17. b4 Ne6 18. c5 a5 19. Bc4 Ke7 20. O-O axb4 21. axb4
Rhd8 22. f4 Nxf4 23. Rce1 Kf8 24. Nxg6+ hxg6 25. Rxe5 Rd4 26. Bxf7 Kxf7 27. g3
Kf6 28. gxf4 Rxb4 29. Rg5 Rh8 30. Rg2 Rh5 31. Rd1 Rxc5 32. Rd6+ Ke7 33. Rgxg6
Rxf4 34. Kg2 Rg5+ 35. Rxg5 Kxd6 36. Rg8 b5 37. Kg3 Rf1 38. Ra8 b4 39. h4 c5 40.
Rb8 Kd5 41. h5 Rh1 42. Kg4 Kc4 43. Kg5 b3 0-1